000 00319nam a22001457a 4500
003 SGT
020 _a978-1-78994-027-5
082 _a746
_bRUD
100 _aRUDKIN, LINDA
245 _aTEXTILES HANDBOOK NATURAL DYES
260 _aLONDON
_bBLOOMSBURY
_c2007
300 _a114
650 _aTEXTILES
942 _2ddc
_cBK
999 _c25826
_d25826